000 00645nab a2200193 4500
001 244442
003 OSt
005 20260318104804.0
007 tu
008 260318s2020|||||||
040 _aDE-2950
_cDE-2950
245 0 0 _aStreit um das Stadtjubiläum.
_bDebatte. Die 775-Jahrfeier sorgt weiter für Wirbel im Rathaus und sozialen Medien. Viele Stadtverordnete wollen eine Verschiebung ins Jahr 2030 verhindern/
_cLisa Larossa
264 _c2026
653 _aFrankfurt
653 _aStadtjubiläum
653 _aDebatte
773 0 _g37. Jahrgang (2026) Nr. 65 vom 18.03.2026 , S. 16 mit Fotos
_tMärkische Oderzeitung
942 _2z
_cA
999 _c374351
_d374351